000 00617cam a22002053a 4500
001 40392
003 PGUSA
005 20140828083913.0
008 120801s2012||||xxu|||||s|||||000 | eng d
040 _aPGUSA
_beng
042 _adc
100 1 _aBenedek, Elek,
_d1859-1929
245 1 2 _aA magyar népköltés gyöngyei :
_bA legszebb népdalok gyüjteménye
_h[electronic resource] /
_cElek Benedek
260 _bProject Gutenberg,
_c2012
506 _aPublic domain in the USA.
516 _aElectronic text
830 0 _aProject Gutenberg
_v40392
856 4 0 _uhttp://www.gutenberg.org/ebooks/40392
942 _cEB
999 _c269645
_d269645